<?xml version="1.0" encoding="UTF-8"?>
<collection xmlns="http://www.loc.gov/MARC21/slim">
 <record>
  <leader>01225nam a22001937a 4500</leader>
  <controlfield tag="001">NCT_4_022792</controlfield>
  <controlfield tag="008">250625b        xxu||||| |||| 00| 0 vie d</controlfield>
  <datafield tag="999" ind1=" " ind2=" ">
   <subfield code="c">9115</subfield>
   <subfield code="d">9115</subfield>
  </datafield>
  <datafield tag="020" ind1=" " ind2=" ">
   <subfield code="a">9786043922066</subfield>
   <subfield code="c">189000</subfield>
  </datafield>
  <datafield tag="082" ind1="0" ind2="4">
   <subfield code="2">23rd ed.</subfield>
   <subfield code="a">641.5636</subfield>
   <subfield code="b">Th305</subfield>
  </datafield>
  <datafield tag="100" ind1="1" ind2=" ">
   <subfield code="a">Trần Lê Thanh Thiện</subfield>
  </datafield>
  <datafield tag="245" ind1="1" ind2="0">
   <subfield code="a">Ăn xanh sống lành</subfield>
   <subfield code="b">33 món chay thực dưỡng thuần Việt</subfield>
   <subfield code="c">Trần Lê Thanh Thiện</subfield>
  </datafield>
  <datafield tag="260" ind1=" " ind2=" ">
   <subfield code="a">H.</subfield>
   <subfield code="b">Thế Giới ; Cty Sách Phương Nam</subfield>
   <subfield code="c">2024</subfield>
  </datafield>
  <datafield tag="300" ind1=" " ind2=" ">
   <subfield code="a">145 tr.</subfield>
   <subfield code="c">24 cm</subfield>
  </datafield>
  <datafield tag="520" ind1="3" ind2=" ">
   <subfield code="a">Cuốn sách giới thiệu và hướng dẫn nấu các món ăn chay hiện đại trên nền tảng các nguyên liệu, gia vị chay truyền thống ở mọi miền đất nước nhằm góp phần chăm sóc sức khỏe mọi người, di dưỡng tinh thần hướng thiện đồng thời hướng tới lối sống xanh sạch hiện đại.</subfield>
  </datafield>
  <datafield tag="653" ind1=" " ind2=" ">
   <subfield code="a">Tham khảo</subfield>
  </datafield>
  <datafield tag="942" ind1=" " ind2=" ">
   <subfield code="2">ddc</subfield>
   <subfield code="c">BK</subfield>
  </datafield>
  <datafield tag="952" ind1=" " ind2=" ">
   <subfield code="0">0</subfield>
   <subfield code="1">0</subfield>
   <subfield code="2">ddc</subfield>
   <subfield code="4">0</subfield>
   <subfield code="6">641_563600000000000_TH305</subfield>
   <subfield code="7">0</subfield>
   <subfield code="9">30950</subfield>
   <subfield code="a">000001</subfield>
   <subfield code="b">000001</subfield>
   <subfield code="d">2025-06-25</subfield>
   <subfield code="o">641.5636 Th305</subfield>
   <subfield code="p">TK.05562</subfield>
   <subfield code="r">2025-06-25</subfield>
   <subfield code="v">189000.00</subfield>
   <subfield code="w">2025-06-25</subfield>
   <subfield code="y">BK</subfield>
  </datafield>
  <datafield tag="980" ind1=" " ind2=" ">
   <subfield code="a">Thư viện Trường Đại học Nam Cần Thơ</subfield>
  </datafield>
 </record>
</collection>
